LEADER 01069nam a2200253 i 4500 001 000000048800 003 CaOOAMICUS 005 20120525000000.0 008 120525s1982 it u000 u ita u 013 $a19970 040 $aSeMil$bita 100 1 $aDaly, Mary,$d<1928-2010>.$0(OLS)http://semarc/name/24172 240 14$aThe church and the second sex.$0(OLS)http://semarc/title/73912 245 13$aLa Chiesa e il secondo sesso /$cMary Daly ; Traduzione e Appendice di Liliana Lanzarini. 260 $aMilano :$bRizzoli,$ccopyr. 1982. 300 $a212 p. ;$c22 cm. 500 $aContiene : Prefazione autobiografica. 650 4$aDonna - Teologia.$0(OLS)http://semarc/subject/3890 650 4$aFemminismo.$0(OLS)http://semarc/subject/6815 700 1 $aLanzarini, Liliana.$0(OLS)http://semarc/name/17742 850 $aSeMil 852 $aSeMil$W1$xVenegono$y1$m2E VII 51$j262209$B14955$CSeMilBibl$Z2$F14955 $81 996 $6245$aLa Chiesa e il secondo sesso$9(OLS)http://semarc/title/73911 996 $6260$aMilano :$bRizzoli$9(OLS)http://semarc/publisher/29824 LEADER 00843nam a2200217 i 4500 001 000000085543 003 CaOOAMICUS 005 20190415110449.0 008 180830s1941 xx u000 u und u 013 $a57783 040 $aSeMil$bita 100 1 $aDel Re, Niccolò,$d<1914-2005>.$0(OLS)http://semarc/name/33962 245 13$aLa Curia Romana :$bcenni storico-giuridici / $cNiccolò Del Re. 260 $aRoma :$bStudium,$c1941. 300 $aVIII, 198 p. ; $c22 cm 650 4$aCuria romana.$0(OLS)http://semarc/subject/10011 850 $aSeMil 852 $aSeMil$W1$xVenegono$y1$m3A II 359$j212691$B225775$CSeMilBibl$Z2$F225775 $81 996 $6245$aLa Curia Romana :$bcenni storico-giuridici / $9(OLS)http://semarc/title/132051 996 $6260$aRoma :$bStudium$9(OLS)http://semarc/publisher/29617